TNV 75 0144 Terminologie pozemkových úprav /
| Corporate Author: | Výzkumný ústav meliorací a ochrany půdy Praha |
|---|---|
| Other Authors: | Česko. Ministerstvo zemědělství, Hydroprojekt (firma) |
| Language: | German French Czech English |
| Published: |
Praha : Hydroprojekt, 1996 |
| Series: |
Odvětvová technická norma vodního hospodářství
|
| Physical Description: |
35 s. ; 30 cm |
| Language note: |
Obsahuje termíny v češtině, angličtině, francouzštině a němčině |
|
| LEADER | 02069nam a2200517 a 4500 | ||
|---|---|---|---|
| 001 | 000951145 | ||
| 003 | CZ BrMZK | ||
| 005 | 20090716170359.0 | ||
| 007 | ta | ||
| 008 | 090630s1996 xr f diu 001 0 cze | ||
| 020 | |q (Brož.) : |c Kč 305,00 | ||
| 040 | |a BOA001 |b cze | ||
| 041 | 0 | |a cze |a eng |a fre |a ger | |
| 043 | |a e-xr--- | ||
| 072 | 7 | |a 332 |x Regionální ekonomie, regionální ekonomika |2 Konspekt |9 4 | |
| 080 | |a 332.3 |2 MRF | ||
| 080 | |a 81'373.46 |2 MRF | ||
| 080 | |a 006.7/.8 |2 MRF | ||
| 080 | |a (437.3) |2 MRF | ||
| 080 | |a (038)81 |2 MRF | ||
| 080 | |a (038.072) |2 MRF | ||
| 080 | |a (083) |2 MRF | ||
| 110 | 2 | |a Výzkumný ústav meliorací a ochrany půdy Praha |7 kn20030213013 | |
| 245 | 1 | 0 | |a TNV 75 0144 Terminologie pozemkových úprav / |c [zpracovatel Výzkumný ústav meliorací a ochrany půdy, Zdeněk Fuxa ... et al.] |
| 246 | 3 | 0 | |a TNV 750144 Terminologie pozemkových úprav |
| 246 | 3 | 0 | |a Terminologie pozemkových úprav |
| 260 | |a Praha : |b Hydroprojekt, |c 1996 | ||
| 300 | |a 35 s. ; |c 30 cm | ||
| 490 | 1 | |a Odvětvová technická norma vodního hospodářství ; |v únor 1996 | |
| 500 | |a Název z obálky | ||
| 500 | |a Na obálce: MZe ČR | ||
| 500 | |a Schválena: únor 1996 | ||
| 500 | |a Přehled citovaných a dalších souvisících norem a rejstřík | ||
| 546 | |a Obsahuje termíny v češtině, angličtině, francouzštině a němčině | ||
| 650 | 0 | 7 | |a pozemkové úpravy |7 ph124467 |2 czenas |
| 650 | 0 | 7 | |a oborová terminologie |7 ph138998 |2 czenas |
| 650 | 0 | 7 | |a technické normy a standardy |7 ph260676 |z Česko |2 czenas |
| 655 | 7 | |a terminologické slovníky |7 fd202538 |2 czenas | |
| 655 | 7 | |a výkladové slovníky |7 fd133855 |2 czenas | |
| 655 | 7 | |a normy |7 fd131861 |2 czenas | |
| 710 | 1 | |a Česko. |b Ministerstvo zemědělství |7 kn20010725025 | |
| 710 | 2 | |a Hydroprojekt (firma) |7 ko2004246122 | |
| 830 | 0 | |a Odvětvová technická norma vodního hospodářství | |
| 910 | 2 | |a BOA001 |b 4-1225.446 | |
| 990 | |a BK | ||
| 996 | 6 | |b 2610382567 |c 4-1225.446 |d TNV 75 0144 |l MZK |r STM 6p |n 0 |p kup ; pult STM6 |h 006 TNV |w 001083085 |u 000010 |a 0 |e BOA001 |j MZK50 |s P | |
English
Čeština 